00760nam a2200229 a 450000100100000000500170001000800410002704000250006808200180009310000390011124500450015026000330019530000260022849000210025465000260027565000260030165000280032783000270035504900090038295201220039199900170051300001387720200929163401.0091130s1990 cu 001 j spa d aDO-SdBNPbspacBNPHU aCu863.4bI99c1 aIznaga, Alcides,d1910-199993143310aCuentos y narraciones /cAlcides Iznaga. aLa Habana :bUnión,c1990. a150, [1] p. ;c19 cm.1 aContemporáneos 4aCuentos cubanos91482 4aNovela cuabana931434 4aLiteratura cubana91483 0aContemporáneos96941 aBNGR 001052708MOaGRbGRcCTd2009-11-30iLF1l0oCu863.4 I99cp13877-10r2020-06-25w2020-06-25y2ZPréstamo interno c13483d13483